[Event "DMP - III LIGA SZACHOWA SENIOROW PK 2016"]
[Site "Czudec"]
[Date "2016.??.??"]
[Round "3.3"]
[White "Mika, Tomasz"]
[Black "Baniak, Lukasz"]
[Result "1/2-1/2"]
[WhiteElo "2051"]
[BlackElo "1844"]
[Annotator "Szachy"]
[PlyCount "94"]
[EventDate "2016.??.??"]

1. e4 {[%emt 0:00:00]} c5 2. Nf3 g6 3. d4 cxd4 4. Qxd4 Nf6 5. e5 Nc6 6. Qa4 Nd5
7. c4 Nb6 8. Qc2 Bg7 9. Bf4 O-O 10. Be2 d6 11. exd6 exd6 12. O-O Qf6 13. Bc1
Bg4 14. Nbd2 Rfe8 15. Re1 Nd4 16. Nxd4 Qxd4 17. Nb3 Qe5 18. Be3 Bf5 19. Qd2
Qxb2 20. Qxb2 Bxb2 21. Rad1 Bc2 22. Rxd6 Be5 23. Rd2 Bxb3 24. axb3 Bc3 25. Red1
Bxd2 26. Rxd2 Re6 27. c5 Nc8 28. Bc4 Re8 29. Rd7 Ne7 30. Rxb7 Rab8 31. Rxa7 Ra8
32. Rxa8 Rxa8 33. g4 Nc6 34. Bd5 Ra1+ 35. Kg2 Nb4 36. Bc4 Ra2 37. Kf3 Kf8 38.
g5 Ke7 39. Bf4 f5 40. Be5 Kd7 41. h4 Nc2 42. Bg8 Ne1+ 43. Kg3 Rc2 44. f4 Rg2+
45. Kh3 Rg4 46. Bxh7 Nf3 47. Bxg6 Ng1+ 1/2-1/2

[Event "DMP - III LIGA SZACHOWA SENIOROW PK 2016"]
[Site "Czudec"]
[Date "2016.??.??"]
[Round "3.4"]
[White "Juszczuk, Grzegorz"]
[Black "Gawiec, Konrad"]
[Result "1/2-1/2"]
[WhiteElo "1861"]
[BlackElo "1987"]
[Annotator "Szachy"]
[PlyCount "120"]
[EventDate "2016.??.??"]

1. d4 {[%emt 0:00:00]} d6 2. Nf3 g6 3. Bf4 Bg7 4. e3 Nf6 5. Be2 Nh5 6. Bg5 h6
7. Bh4 g5 8. Bg3 Nxg3 9. hxg3 c5 10. c3 O-O 11. Bd3 Qc7 12. Nxg5 cxd4 13. exd4
e5 14. dxe5 dxe5 15. Ne4 f5 16. Ned2 e4 17. Bc4+ Kh7 18. Na3 e3 19. Nf3 exf2+
20. Kxf2 Qb6+ 21. Kf1 Nc6 22. Ng5+ Kh8 23. Nf7+ Kh7 24. Qd2 Rxf7 25. Bxf7 Ne5
26. Bb3 Bd7 27. Re1 Ng4 28. Re7 Rd8 29. Qf4 Qc5 30. Re2 b5 31. Bc2 Kh8 32. Rh4
a5 33. Rxg4 fxg4 34. Qe3 Rf8+ 35. Kg1 Qxe3+ 36. Rxe3 b4 37. Nb1 a4 38. Re7 Bb5
39. Rb7 b3 40. axb3 axb3 41. Bxb3 Rf5 42. Nd2 Bc6 43. Rc7 Bb5 44. Bc2 Rf8 45.
Rc5 Be2 46. Bf5 Bf6 47. Rc8 Bd8 48. Kh2 Kg7 49. c4 Kf6 50. Be4 Ke5 51. Bd5 Kd4
52. b4 Ke3 53. Ne4 Be7 54. Rxf8 Bxf8 55. b5 Bd3 56. Nf6 Bf5 57. b6 Bd6 58. Ne8
Be5 59. b7 Kd4 60. Ng7 Bd7 1/2-1/2

[Event "DMP - III LIGA SZACHOWA SENIOROW PK 2016"]
[Site "Czudec"]
[Date "2016.??.??"]
[Round "3.5"]
[White "Kucharski, Bartlomiej"]
[Black "Nowicki, Andrzej"]
[Result "0-1"]
[WhiteElo "1667"]
[BlackElo "1845"]
[Annotator "Szachy"]
[PlyCount "88"]
[EventDate "2016.??.??"]

1. e4 {[%emt 0:00:00]} e5 {[%emt 0:00:00]} 2. Nf3 Nf6 3. Nc3 Bb4 4. Bc4 d6 5.
h3 O-O 6. d3 Nc6 7. O-O Bxc3 8. bxc3 d5 9. Bb5 Ne7 10. Nxe5 c6 11. Ba4 Qa5 12.
Bb3 Qxc3 13. Bf4 Be6 14. f3 Qd4+ 15. Kh1 Nh5 16. Bh2 f5 17. f4 g6 18. Qe1 a5
19. c3 Qb6 20. Rb1 Qc7 21. Qh4 Ng7 22. a4 dxe4 23. dxe4 Bxb3 24. Rxb3 Ne6 25.
exf5 Nxf5 26. Qf2 b5 27. axb5 cxb5 28. Rxb5 Qxc3 29. Qa2 Ra6 30. Nd7 Qd3 31.
Nxf8 Qxf1+ 32. Bg1 Kxf8 33. Qa3+ Kg7 34. Rb7+ Kh6 35. g4 Qxf4 36. gxf5 Qe4+ 37.
Kh2 Qxb7 38. f6 Qb8+ 39. Kh1 Qe5 40. Be3+ g5 41. f7 Qf5 42. Qe7 Qxh3+ 43. Kg1
Qxe3+ 44. Kg2 Nf4+ 0-1

[Event "DMP - III LIGA SZACHOWA SENIOROW PK 2016"]
[Site "Czudec"]
[Date "2016.??.??"]
[Round "3.7"]
[White "Rawicz, Karol"]
[Black "Lach, Ireneusz"]
[Result "1-0"]
[WhiteElo "2228"]
[BlackElo "1984"]
[Annotator "Szachy"]
[PlyCount "63"]
[EventDate "2016.??.??"]

1. d4 {[%emt 0:00:00]} Nf6 {[%emt 0:00:00]} 2. c4 e6 3. Nc3 Bb4 4. Qc2 h6 5. e4
O-O 6. e5 Ne8 7. Nf3 c5 8. a3 cxd4 9. axb4 dxc3 10. Qxc3 d6 11. Be3 Qc7 12. Bd3
Nd7 13. exd6 Nxd6 14. O-O Nf5 15. Bxf5 exf5 16. Bd4 f6 17. c5 Nb8 18. b5 a6 19.
Rfe1 Bd7 20. c6 bxc6 21. b6 Qb7 22. Bc5 Re8 23. Qb3+ Kh7 24. Qf7 Re4 25. Rxe4
fxe4 26. Nh4 Bc8 27. Qe6 Kh8 28. Qe8+ Kh7 29. Qxe4+ f5 30. Nxf5 Bxf5 31. Qxf5+
Kh8 32. Re1 1-0

[Event "DMP - III LIGA SZACHOWA SENIOROW PK 2016"]
[Site "Czudec"]
[Date "2016.??.??"]
[Round "3.10"]
[White "Lach, Mateusz"]
[Black "Wozny, Tomasz"]
[Result "1-0"]
[WhiteElo "1426"]
[BlackElo "1758"]
[PlyCount "95"]
[EventDate "2016.??.??"]

1. d4 d5 2. c4 c6 3. e3 Nf6 4. Nc3 e6 5. a3 Nbd7 6. c5 e5 7. f4 exf4 8. exf4
Be7 9. Nf3 O-O 10. Bd3 Re8 11. O-O Nf8 12. h3 b6 13. b4 a5 14. Bd2 Bb7 15. Na4
N8d7 16. Re1 b5 17. Nc3 a4 18. Rc1 Qc7 19. Ne5 Nf8 20. f5 N6d7 21. Nxb5 Qb8 22.
Nc3 Nxe5 23. dxe5 Bh4 24. Re2 Bg3 25. Nxa4 Rxe5 26. Qb3 Rxe2 27. Bxe2 Qe5 28.
Bg4 Rxa4 29. Qxa4 Qd4+ 30. Kh1 Qxd2 31. Qd1 Qe3 32. Rb1 Be5 33. Qf3 Qxf3 34.
Bxf3 Nd7 35. a4 Kf8 36. Be2 Ke7 37. Rc1 Bd4 38. a5 Kd8 39. a6 Ba8 40. a7 Kc7
41. Ba6 f6 42. g4 Ne5 43. Kg2 Be3 44. Rd1 Bf4 45. Kf2 Nd7 46. Kf3 Be5 47. Re1
h6 48. h4 1-0

[Event "DMP - III LIGA SZACHOWA SENIOROW PK 2016"]
[Site "Czudec"]
[Date "2016.??.??"]
[Round "3.12"]
[White "Trybowska, Anna"]
[Black "Wolowiec-musial, Malgorzata"]
[Result "0-1"]
[WhiteElo "1555"]
[BlackElo "1857"]
[Annotator "Szachy"]
[PlyCount "96"]
[EventDate "2016.??.??"]

1. d4 {[%emt 0:00:00]} d5 2. c4 e6 3. Nc3 Nf6 4. Bg5 Be7 5. e3 O-O 6. c5 c6 7.
Bd3 Nbd7 8. Nf3 h6 9. Bh4 Nh5 10. Bg3 Nxg3 11. hxg3 Qc7 12. Bc2 e5 13. dxe5
Nxe5 14. Nxe5 Qxe5 15. Qd3 f5 16. Qd4 Qxd4 17. exd4 f4 18. gxf4 Rxf4 19. Ne2
Rf8 20. Rf1 Bd7 21. O-O-O Rae8 22. Nc3 Bg5+ 23. Kb1 Bf5 24. Bxf5 Rxf5 25. g3
Rf3 26. Rfe1 Rxe1 27. Rxe1 Rxf2 28. Re8+ Kh7 29. Ne2 Rf7 30. Kc2 Kg6 31. b3 Kf5
32. a4 Kg4 33. b4 a6 34. Kd3 Rf3+ 35. Kc2 Re3 36. Rxe3 Bxe3 37. Kd3 Bf2 38. Nf4
Bxg3 39. Ne6 h5 40. Nxg7 h4 41. Ke2 h3 42. Kf1 Kf3 43. Kg1 Ke4 44. Ne6 Bf4 45.
Nd8 Kxd4 46. Nxb7 Kc4 47. b5 axb5 48. axb5 Kxb5 0-1

[Event "DMP - III LIGA SZACHOWA SENIOROW PK 2016"]
[Site "Czudec"]
[Date "2016.??.??"]
[Round "3.14"]
[White "Lewtak, Dominik"]
[Black "Mroczek, Jacek"]
[Result "1-0"]
[WhiteElo "2065"]
[BlackElo "1923"]
[Annotator "Szachy"]
[PlyCount "97"]
[EventDate "2016.??.??"]

1. e4 {[%emt 0:00:00]} e6 {[%emt 0:00:00]} 2. d4 {[%emt 0:00:00]} d5 3. Nc3 Bb4
4. Bd3 Ne7 5. exd5 exd5 6. Qf3 Nbc6 7. Nge2 Be6 8. O-O Qd7 9. Bf4 O-O-O 10. a3
Bd6 11. Bxd6 Qxd6 12. b4 Ng6 13. Na4 Kb8 14. Nc5 Bc8 15. Rfd1 Nce7 16. c4 f5
17. Nc3 Nh4 18. Qe2 Rhe8 19. Qh5 g5 20. Bf1 dxc4 21. Bxc4 Qf6 22. Qf7 Qh6 23.
Bf1 g4 24. Re1 Qg5 25. Nd5 Nhg6 26. Nf6 Rf8 27. Nxh7 Qh6 28. Nxf8 Rxf8 29. Qc4
Rh8 30. h3 gxh3 31. g3 f4 32. Kh2 Nf5 33. Ne6 fxg3+ 34. fxg3 Bxe6 35. Qxe6 Nd6
36. Rad1 Qg5 37. Qe3 Qd5 38. Qe6 Qg5 39. d5 Nh4 40. Qe3 Qg6 41. gxh4 Rg8 42.
Bxh3 Nc4 43. Qf3 Qd6+ 44. Kh1 b5 45. Re6 Qd8 46. Rde1 Nd6 47. Rg1 Rf8 48. Qg3
Rh8 49. Rg6 1-0

[Event "DMP - III LIGA SZACHOWA SENIOROW PK 2016"]
[Site "Czudec"]
[Date "2016.??.??"]
[Round "3.15"]
[White "Mytych, Rafal"]
[Black "Mis, Mieszko"]
[Result "0-1"]
[WhiteElo "1768"]
[BlackElo "2069"]
[Annotator "Szachy"]
[PlyCount "72"]
[EventDate "2016.??.??"]

1. g3 {[%emt 0:00:00]} c5 {[%emt 0:00:00]} 2. c4 {[%emt 0:00:00]} Nc6 {[%emt 0:
00:00]} 3. Bg2 g6 4. Nc3 Bg7 5. Nf3 e6 6. O-O Nge7 7. d3 O-O 8. Rb1 d5 9. a3 b6
10. Qc2 Ba6 11. cxd5 exd5 12. b4 cxb4 13. axb4 Rc8 14. b5 Na5 15. bxa6 d4 16.
Ba3 dxc3 17. d4 Re8 18. Rfd1 Nc4 19. Bc1 Nf5 20. Bh3 Ncd6 21. Ne5 Nxd4 22. Rxd4
Bxe5 23. Rd5 Rc5 24. Rxc5 bxc5 25. Qa4 Bg7 26. Be3 Rxe3 27. fxe3 Bh6 28. Bg2
Bxe3+ 29. Kh1 Bd4 30. Rb7 Qg5 31. Qc2 Qe3 32. Rb1 Nf5 33. Bf3 Qh6 34. g4 Be5
35. e4 Nd4 36. g5 Qh3 0-1

[Event "DMP - III LIGA SZACHOWA SENIOROW PK 2016"]
[Site "Czudec"]
[Date "2016.??.??"]
[Round "3.16"]
[White "Kozak, Antoni"]
[Black "Lusio, Daniel"]
[Result "1-0"]
[WhiteElo "1932"]
[BlackElo "1877"]
[Annotator "Szachy"]
[PlyCount "95"]
[EventDate "2016.??.??"]

1. e4 {[%emt 0:00:00]} c6 {[%emt 0:00:00]} 2. d4 d5 3. e5 Bf5 4. Nf3 Nd7 5. Nh4
e6 6. Nxf5 exf5 7. Bd3 g6 8. O-O Bg7 9. Re1 Ne7 10. e6 fxe6 11. Rxe6 O-O 12.
Bg5 Bf6 13. Bxf6 Nxf6 14. f3 Qd7 15. Qe2 Kf7 16. Re5 Rae8 17. Nd2 Qd6 18. Re1
Nc8 19. Nb3 b6 20. Ba6 Ne7 21. Nc1 Neg8 22. Nd3 h6 23. Kh1 Re7 24. Qf2 Rfe8 25.
Qg3 Rd8 26. h4 Nh5 27. Qf2 f4 28. c4 Qf6 29. cxd5 cxd5 30. Kg1 Ng3 31. Qd2 Nh5
32. Nb4 Rxe5 33. dxe5 Qe6 34. Nc2 Kg7 35. Nd4 Qe7 36. b4 Qxh4 37. Ne6+ Kh7 38.
Nxd8 Qxd8 39. e6 Qh4 40. Rc1 Ng3 41. Rc7+ Ne7 42. Qxd5 Qh1+ 43. Kf2 Qh4 44.
Rxe7+ Qxe7 45. Qd7 Nf5 46. Bd3 Qg7 47. Bxf5 gxf5 48. e7 1-0

[Event "DMP - III LIGA SZACHOWA SENIOROW PK 2016"]
[Site "Czudec"]
[Date "2016.??.??"]
[Round "3.18"]
[White "Cyboran, Katarzyna"]
[Black "Starzec, Klaudia"]
[Result "1-0"]
[WhiteElo "1823"]
[BlackElo "1275"]
[PlyCount "63"]
[EventDate "2016.??.??"]

1. e4 c6 2. d4 d5 3. Nc3 g6 4. Be3 Bg7 5. Qd2 dxe4 6. Nxe4 Be6 7. h4 Nf6 8.
Nxf6+ Bxf6 9. Nf3 a5 10. Ng5 Bd7 11. Bc4 e6 12. h5 b5 13. Bd3 Na6 14. Ne4 Nb4
15. Be2 Nd5 16. Bh6 e5 17. Nd6+ Ke7 18. Ne4 Ke8 19. Nxf6+ Qxf6 20. dxe5 Qxe5
21. O-O-O Be6 22. Bf3 Ke7 23. Rhe1 Qd6 24. Bg7 Rhg8 25. Be5 Qc5 26. Bd4 Qc4 27.
Kb1 Nc3+ 28. Qxc3 Qxa2+ 29. Kc1 Rgc8 30. Qc5+ Ke8 31. Bxc6+ Rxc6 32. Qxc6+ 1-0

[Event "DMP - III LIGA SZACHOWA SENIOROW PK 2016"]
[Site "Czudec"]
[Date "2016.??.??"]
[Round "3.19"]
[White "Zaskalski, Arkadiusz"]
[Black "Piekarski, Lukasz"]
[Result "1/2-1/2"]
[WhiteElo "2158"]
[BlackElo "1971"]
[Annotator "Szachy"]
[PlyCount "36"]
[EventDate "2016.??.??"]

1. Nf3 {[%emt 0:00:00]} Nf6 2. c4 g6 3. g3 Bg7 4. Bg2 O-O 5. Nc3 d6 6. d4 Nc6
7. O-O Bf5 8. d5 Na5 9. Nd4 Bd7 10. b3 c5 11. dxc6 bxc6 12. Bb2 Rb8 13. Rb1 c5
14. Nc2 Nc6 15. Qd2 Qc8 16. Rfd1 Bh3 17. e4 Re8 18. Nd5 Nh5 1/2-1/2

[Event "DMP - III LIGA SZACHOWA SENIOROW PK 2016"]
[Site "Czudec"]
[Date "2016.??.??"]
[Round "3.21"]
[White "Kopacz, Lukasz"]
[Black "Krynicki, Henryk"]
[Result "1-0"]
[WhiteElo "1937"]
[BlackElo "1758"]
[Annotator "Szachy"]
[PlyCount "95"]
[EventDate "2016.??.??"]

1. c4 {[%emt 0:00:00]} e5 2. g3 d6 3. Bg2 Nc6 4. Nc3 Be6 5. d3 Qd7 6. Rb1 a5 7.
a3 f5 8. e3 Nf6 9. Nd5 Bxd5 10. cxd5 Ne7 11. Qb3 Rb8 12. e4 g6 13. Ne2 Bg7 14.
O-O O-O 15. f4 Kh8 16. Bd2 a4 17. Qc2 b5 18. h3 Rfc8 19. Be3 c6 20. dxc6 Rxc6
21. Qd2 fxe4 22. dxe4 Rc4 23. Nc3 b4 24. axb4 Rcxb4 25. Rfd1 Nh5 26. Kh2 Qb7
27. Qxd6 exf4 28. gxf4 Bxc3 29. bxc3 Rxb1 30. Rxb1 Qxb1 31. Qxe7 Qb7 32. Bd4+
Ng7 33. Bxg7+ Kg8 34. Bf8 Qxe7 35. Bxe7 Rb3 36. e5 Kf7 37. Bd6 Ke6 38. c4 a3
39. Bd5+ Kf5 40. e6 Rb2+ 41. Bg2 a2 42. e7 Re2 43. Be5 a1=Q 44. Bxa1 Rxe7 45.
Kg3 Re3+ 46. Bf3 h6 47. Bd4 g5 48. Bxe3 1-0

[Event "DMP - III LIGA SZACHOWA SENIOROW PK 2016"]
[Site "Czudec"]
[Date "2016.??.??"]
[Round "3.22"]
[White "Chmielowski, Dominik"]
[Black "Wilk, Tomasz"]
[Result "1/2-1/2"]
[WhiteElo "1595"]
[BlackElo "1843"]
[Annotator "Szachy"]
[PlyCount "109"]
[EventDate "2016.??.??"]

1. d4 {[%emt 0:00:00]} Nf6 {[%emt 0:00:00]} 2. c4 {[%emt 0:00:03]} e6 {[%emt 0:
00:00]} 3. Nc3 Bb4 4. Bd2 c5 5. Nf3 d6 6. e3 O-O 7. Be2 Nc6 8. O-O e5 9. a3
Bxc3 10. Bxc3 Qe7 11. d5 Nb8 12. Qc2 Bg4 13. h3 Bh5 14. e4 Bg6 15. Nd2 Nbd7 16.
b4 b6 17. b5 a5 18. a4 h6 19. g3 Nh7 20. Bd3 Qg5 21. Kh2 f5 22. f4 Qh5 23. exf5
Bxf5 24. Bxf5 Qxf5 25. Qxf5 Rxf5 26. fxe5 Rxf1 27. Rxf1 dxe5 28. Ne4 Nhf6 29.
Nd6 Rf8 30. Kg2 Ne8 31. Nf5 Kh7 32. g4 g6 33. Ne3 Rxf1 34. Kxf1 Nd6 35. Ke2 g5
36. Be1 Kg6 37. Kd3 Kf6 38. Nf1 e4+ 39. Kc3 Ne5 40. Ne3 Nd3 41. Ng2 Nxe1 42.
Nxe1 Ke5 43. Ng2 Nc8 44. Ne3 Ne7 45. Ng2 Ng6 46. Ne3 Nf4 47. Nf5 h5 48. Nh6 h4
49. Nf7+ Kf6 50. Nd6 Nxh3 51. Nxe4+ Ke5 52. Kd3 Nf4+ 53. Ke3 Ng2+ 54. Kf2 Kxe4
55. Kxg2 1/2-1/2

[Event "DMP - III LIGA SZACHOWA SENIOROW PK 2016"]
[Site "Czudec"]
[Date "2016.??.??"]
[Round "3.24"]
[White "Michalska, Marta"]
[Black "Godek, Martyna"]
[Result "1/2-1/2"]
[WhiteElo "1570"]
[BlackElo "1435"]
[Annotator "Szachy"]
[PlyCount "46"]
[EventDate "2016.??.??"]

1. c4 {[%emt 0:00:00]} e5 {[%emt 0:00:00]} 2. Nc3 {[%emt 0:00:04]} Nc6 3. g3 g6
4. Bg2 Bg7 5. e3 d6 6. Nge2 f5 7. O-O Nf6 8. d4 e4 9. Nf4 g5 10. Nh5 O-O 11.
Nxg7 Kxg7 12. a3 Ne7 13. d5 Ng6 14. b3 h5 15. f3 exf3 16. Bxf3 g4 17. Bg2 h4
18. e4 hxg3 19. hxg3 Nh5 20. Qd2 f4 21. gxf4 Ngxf4 22. Nb5 a6 23. Nd4 Qh4
1/2-1/2

[Event "DMP - III LIGA SZACHOWA SENIOROW PK 2016"]
[Site "Czudec"]
[Date "2016.??.??"]
[Round "3.26"]
[White "Miasik, Adrian"]
[Black "Augustyn, Sebastian"]
[Result "1/2-1/2"]
[WhiteElo "1903"]
[BlackElo "2106"]
[Annotator "Szachy"]
[PlyCount "170"]
[EventDate "2016.??.??"]

1. d4 {[%emt 0:00:00]} d6 {[%emt 0:00:00]} 2. c4 e5 3. dxe5 dxe5 4. Qxd8+ Kxd8
5. Nf3 f6 6. Nc3 Be6 7. e3 c6 8. Be2 Nd7 9. O-O Nh6 10. b3 Kc7 11. Bb2 a5 12.
Rfd1 Be7 13. Rac1 Kb6 14. Na4+ Ka7 15. c5 Rhd8 16. Ba3 Nf8 17. Nb6 Rxd1+ 18.
Rxd1 Rd8 19. Rxd8 Bxd8 20. Bc4 Bxc4 21. Nxc4 Nf7 22. Nfd2 Ne6 23. Ne4 Ka6 24.
Kf1 Be7 25. Ke2 f5 26. Ned6 Bxd6 27. Nxd6 Nxd6 28. cxd6 e4 29. d7 Kb6 30. Bd6
c5 31. Be7 Kc7 32. d8=Q+ Nxd8 33. Bxc5 Kc6 34. Bd4 Ne6 35. Bc3 Kb5 36. Kd2 a4
37. f3 g6 38. fxe4 fxe4 39. Kc2 axb3+ 40. axb3 Nc7 41. Bd2 Nd5 42. Kb2 h5 43.
Kc2 g5 44. h3 g4 45. hxg4 hxg4 46. Kb2 Kc5 47. Ka3 b5 48. Kb2 Ne7 49. Kc2 Nf5
50. Kd1 Kd5 51. Ke2 Ke6 52. Ba5 Ne7 53. Be1 Nd5 54. Bd2 Nb6 55. Bc3 Nd7 56. Bd4
Nb8 57. Bb2 Na6 58. Bd4 Nb4 59. Kd2 Nd3 60. Ba7 Kd5 61. Bd4 Nb4 62. Bc3 Nc6 63.
Kc2 Ne7 64. Bf6 Nf5 65. Bg5 Kc6 66. Kc3 Kc5 67. Kc2 b4 68. Kd2 Kb5 69. Bf6 Nd6
70. Be5 Nb7 71. Bd4 Na5 72. Kc2 Nc6 73. Kd2 Na5 74. Kc2 Kc6 75. Bg7 Kd5 76. Bf8
Nc6 77. Kd2 Ke5 78. Ke2 Kf5 79. Bd6 Ke6 80. Bf8 Kd5 81. Kd2 Ke6 82. Bc5 Kf5 83.
Bd6 Kg5 84. Ke2 Kh4 85. Kf2 Kg5 1/2-1/2

[Event "DMP - III LIGA SZACHOWA SENIOROW PK 2016"]
[Site "Czudec"]
[Date "2016.??.??"]
[Round "3.27"]
[White "Handzel, Michal"]
[Black "Luka, Krzysztof"]
[Result "0-1"]
[WhiteElo "1746"]
[BlackElo "1876"]
[Annotator "Szachy"]
[PlyCount "62"]
[EventDate "2016.??.??"]

1. e4 {[%emt 0:00:00]} d6 {[%emt 0:00:00]} 2. d4 Nf6 3. Nc3 g6 4. f4 c5 5. Nf3
cxd4 6. Nxd4 Bg7 7. Be3 O-O 8. Be2 Nbd7 9. O-O a6 10. f5 Ne5 11. Qd2 Neg4 12.
Bg5 Qb6 13. Rad1 Qxb2 14. Nb3 Bd7 15. Rb1 Qa3 16. Bxg4 Nxg4 17. Bxe7 Qb4 18.
Nd5 Qxd2 19. Nxd2 Bd4+ 20. Kh1 Rfc8 21. c4 Bc6 22. Bxd6 Bxd5 23. cxd5 Nf2+ 24.
Rxf2 Bxf2 25. fxg6 hxg6 26. e5 Rc2 27. Ne4 Rxa2 28. Be7 Bd4 29. Bf6 Ra5 30. e6
Bxf6 31. Nxf6+ Kg7 0-1

[Event "DMP - III LIGA SZACHOWA SENIOROW PK 2016"]
[Site "Czudec"]
[Date "2016.??.??"]
[Round "3.28"]
[White "Babiarz, Mariusz"]
[Black "Uryasz, Tomasz"]
[Result "0-1"]
[WhiteElo "1888"]
[BlackElo "1582"]
[Annotator "Szachy"]
[PlyCount "104"]
[EventDate "2016.??.??"]

1. e4 {[%emt 0:00:00]} e5 {[%emt 0:00:00]} 2. Nf3 Nf6 3. Nxe5 Qe7 4. Nf3 Nxe4
5. Be2 d5 6. d3 Nf6 7. O-O Be6 8. Nc3 g6 9. Nd4 Bg7 10. Nxe6 Qxe6 11. Re1 O-O
12. Bf3 Qd7 13. Bg5 c6 14. d4 Na6 15. Qd2 Nc7 16. Bh6 Ne6 17. Bxg7 Kxg7 18.
Rad1 Rfe8 19. g3 Re7 20. Re2 Rae8 21. Rde1 Qd6 22. a3 Nd7 23. Bg2 Nb6 24. Nd1
Nc4 25. Qc3 Nc7 26. Rxe7 Rxe7 27. Rxe7 Qxe7 28. Kf1 Nb5 29. Qd3 Nbd6 30. a4 Nf5
31. b3 Ncd6 32. Ne3 Nxe3+ 33. Qxe3 Qxe3 34. fxe3 f5 35. Ke2 Kf6 36. Kd3 Ke6 37.
c4 Ne8 38. cxd5+ cxd5 39. b4 b6 40. Bf3 Nf6 41. a5 Kd6 42. axb6 axb6 43. h3 Ne4
44. Bxe4 fxe4+ 45. Kc3 Kc6 46. Kc2 Kb5 47. Kb3 g5 48. g4 h6 49. Ka3 Kc4 50. Ka4
Kd3 51. Kb5 Kxe3 52. Kxb6 Kxd4 0-1

[Event "DMP - III LIGA SZACHOWA SENIOROW PK 2016"]
[Site "Czudec"]
[Date "2016.??.??"]
[Round "3.29"]
[White "Rogus, Sylwester"]
[Black "Babiarz, Arkadiusz"]
[Result "1/2-1/2"]
[WhiteElo "1609"]
[BlackElo "1656"]
[PlyCount "109"]
[EventDate "2016.??.??"]

1. e4 c5 2. Nf3 e6 3. c4 Qc7 4. Nc3 a6 5. Be2 Nc6 6. O-O Nf6 7. d4 cxd4 8. Nxd4
Bb4 9. Bg5 Bxc3 10. Bxf6 Bxb2 11. Bxg7 Rg8 12. Nxe6 dxe6 13. Bxb2 e5 14. Kh1
Be6 15. Qa4 O-O-O 16. Rfd1 Qb6 17. Rxd8+ Rxd8 18. Bc3 Qxf2 19. Bf1 Bh3 20. Qb3
Rg8 21. Qb2 Bxg2+ 22. Bxg2 Rxg2 23. Qxf2 Rxf2 24. Rg1 Rc2 25. Be1 Rxc4 26. Rg8+
Kd7 27. Rg7 Ke6 28. Bg3 Rxe4 29. Rxh7 Rb4 30. h4 f5 31. h5 f4 32. Bf2 e4 33. h6
Ne5 34. Rg7 Nf7 35. h7 Nh8 36. Rg8 Kf7 37. Rxh8 Kg7 38. Rf8 Kxh7 39. Kh2 Kg7
40. Rxf4 Rb2 41. Kg3 Kg6 42. a4 Rb3+ 43. Kg4 e3 44. Rf3 Ra3 45. Bxe3 Rxa4+ 46.
Kg3 a5 47. Kf2 b5 48. Ke2 Rc4 49. Kd3 Rc8 50. Bd4 b4 51. Rf6+ Kg5 52. Ra6 Kf5
53. Rxa5+ Ke6 54. Rb5 Ra8 55. Rxb4 1/2-1/2

[Event "DMP - III LIGA SZACHOWA SENIOROW PK 2016"]
[Site "Czudec"]
[Date "2016.??.??"]
[Round "3.2"]
[White "Czarnecki, Wojciech"]
[Black "Sygulski, Pawel"]
[Result "1/2-1/2"]
[WhiteElo "2014"]
[BlackElo "2182"]
[PlyCount "41"]
[EventDate "2016.??.??"]

1. Nf3 b6 2. g3 Bb7 3. Bg2 e6 4. O-O f5 5. d4 Nf6 6. c4 Be7 7. Nc3 O-O 8. b3
Ne4 9. Bb2 Bf6 10. Ne5 Nxc3 11. Bxc3 Bxg2 12. Kxg2 d6 13. Nf3 Nd7 14. Qd2 Qe7
15. Rad1 Rae8 16. Qb2 e5 17. dxe5 Bxe5 18. Nxe5 Nxe5 19. Bxe5 Qxe5 20. Qxe5
Rxe5 21. Rd2 1/2-1/2

[Event "DMP - III LIGA SZACHOWA SENIOROW PK 2016"]
[Site "Czudec"]
[Date "2016.??.??"]
[Round "3.1"]
[White "Lewicki, Miroslaw"]
[Black "Czajkowski, Ryszard"]
[Result "1-0"]
[WhiteElo "2319"]
[BlackElo "2076"]
[PlyCount "37"]
[EventDate "2016.??.??"]

1. e4 e6 2. d4 d5 3. Nd2 dxe4 4. Nxe4 Nd7 5. Nf3 Be7 6. c4 Ngf6 7. Nc3 O-O 8.
Be2 b6 9. O-O Bb7 10. Bf4 c5 11. d5 exd5 12. cxd5 Re8 13. d6 Bf8 14. Bc4 Bxf3
15. Qxf3 Ne5 16. Bxe5 Rxe5 17. Rad1 Qb8 18. Qf4 Re8 19. d7 1-0

[Event "DMP - III LIGA SZACHOWA SENIOROW PK 2016"]
[Site "Czudec"]
[Date "2016.??.??"]
[Round "3.17"]
[White "Klis, Michal"]
[Black "Szpar, Milosz"]
[Result "0-1"]
[WhiteElo "1654"]
[BlackElo "1956"]
[PlyCount "21"]
[EventDate "2016.??.??"]

1. e4 c5 2. Nf3 Nc6 3. d4 cxd4 4. Nxd4 g6 5. Nc3 Bg7 6. Be3 Nf6 7. Qd2 O-O 8.
f3 d5 9. O-O-O Nxd4 10. Bxd4 dxe4 11. Nxe4 0-1

[Event "DMP - III LIGA SZACHOWA SENIOROW PK 2016"]
[Site "Czudec"]
[Date "2016.??.??"]
[Round "3.8"]
[White "Lach, Dariusz"]
[Black "Fistek, Dariusz"]
[Result "0-1"]
[WhiteElo "1795"]
[BlackElo "2239"]
[PlyCount "40"]
[EventDate "2016.??.??"]

1. d4 Nf6 2. Nf3 g6 3. g3 Bg7 4. Bg2 O-O 5. O-O d6 6. c3 c5 7. Re1 Nc6 8. e4
Bg4 9. h3 Bxf3 10. Bxf3 Qb6 11. dxc5 dxc5 12. Qc2 Rad8 13. Nd2 Qc7 14. Nf1 b5
15. Be3 Nd7 16. Bg2 c4 17. Rad1 Nce5 18. Rd2 Nc5 19. Red1 Ned3 20. a3 Na4 0-1

[Event "DMP - III LIGA SZACHOWA SENIOROW PK 2016"]
[Site "Czudec"]
[Date "2016.??.??"]
[Round "3.13"]
[White "Przybek, Tomasz"]
[Black "Lewtak, Damian"]
[Result "0-1"]
[WhiteElo "1987"]
[BlackElo "2323"]
[PlyCount "52"]
[EventDate "2016.??.??"]

1. d4 Nf6 2. c4 e6 3. Nf3 b6 4. a3 Bb7 5. Nc3 Ne4 6. e3 Nxc3 7. bxc3 d6 8. Bd3
Nd7 9. Qa4 Be7 10. c5 dxc5 11. Ne5 Bd6 12. O-O Bxe5 13. dxe5 c6 14. Qg4 g6 15.
Qe4 Qc7 16. f4 O-O-O 17. Qa4 Nb8 18. Be4 c4 19. Qxa7 c5 20. Bxb7+ Qxb7 21. Qa4
Qa6 22. Qc2 Rd3 23. Bd2 Rhd8 24. Rfd1 Nc6 25. a4 Na5 26. Be1 Qb7 0-1

[Event "DMP - III LIGA SZACHOWA SENIOROW PK 2016"]
[Site "Czudec"]
[Date "2016.??.??"]
[Round "3.20"]
[White "Pasionek, Ariel"]
[Black "Kopacz, Grzegorz"]
[Result "1/2-1/2"]
[WhiteElo "1959"]
[BlackElo "2145"]
[PlyCount "25"]
[EventDate "2016.??.??"]

1. e4 c5 2. Nf3 d6 3. d4 cxd4 4. Nxd4 Nf6 5. Bd3 g6 6. O-O Bg7 7. c4 O-O 8. Nc3
Nc6 9. Nc2 Be6 10. Na3 Qa5 11. Bd2 Ne5 12. Nd5 Qd8 13. Bc3 1/2-1/2

[Event "DMP - III LIGA SZACHOWA SENIOROW PK 2016"]
[Site "Czudec"]
[Date "2016.??.??"]
[Round "3.30"]
[White "Trybowska, Barbara"]
[Black "Pedrak, Paulina"]
[Result "1-0"]
[WhiteElo "1668"]
[BlackElo "1572"]
[PlyCount "60"]
[EventDate "2016.??.??"]

1. e4 c5 2. Nf3 e6 3. d4 cxd4 4. Nxd4 a6 5. Bd3 Qc7 6. O-O Nf6 7. Qe2 d6 8. Be3
Nbd7 9. f4 Be7 10. Nb3 b5 11. N1d2 Bb7 12. Bf2 Nc5 13. Bg3 Rc8 14. Nxc5 Qxc5+
15. Kh1 d5 16. Nb3 Qb6 17. e5 Nd7 18. Bf2 Qc7 19. Rad1 Nb6 20. Bxb6 Qxb6 21. f5
exf5 22. Bxf5 Rd8 23. e6 d4 24. exf7+ Kxf7 25. Rfe1 Qf6 26. Rf1 Qb6 27. Rde1
Qc7 28. c3 dxc3 29. bxc3 Bd5 30. Nd4 Qd6 1-0